00313nam a2200133Ia 45000030006000000080041000060400015000471000028000622450030000902500010001202600020001305460012001500050017001620STCL150530s9999 xx 000 0 und d aSTCLcSTCL aShelley; Dowden; Editor aPoetical works of Shelley aFirst bMacmillanc1913 aEnglish20220125170926.0